[Event "CANADA vs ARGENTINA"]
[Site "http://www.queenalice.com/game.php?id=111300"]
[Date "2006.9.29"]
[Round "-"]
[White "bobbyfour"]
[Black "Pentotal"]
[Result "0-1"]
[WhiteElo "2133"]
[BlackElo "2243"]

1. e4 e5 2. Nf3 Nc6 3. d4 exd4 4. Nxd4 Nf6 5. Nxc6 bxc6 6. e5 Qe7 7. Qe2 Nd5 8.
c4 Nb6 9. Nc3 Ba6 10. Qe4 Qb4 11. Be2 Na4 12. O-O Nc5 13. Qe3 Ne6 14. a3 Qb3 15.
Bd1 Qb6 16. Qe2 Qd4 17. Bb3 Bc5 18. Ba2 h5 19. Rd1 Qg4 20. h3 Qxe2 21. Nxe2 Bb7
22. b4 Be7 23. c5 a5 24. Bb2 Ba6 25. Ng3 h4 26. Nf5 Bf8 27. Ne3 Be7 28. Bc4 Rh5
29. Bxa6 Rxa6 30. Nc4 Rf5 31. Bc3 Nf4 32. Ne3 Ne2+ 33. Kf1 Nxc3 34. Nxf5 Nxd1
35. Rxd1 g6 36. Ng7+ Kd8 37. e6 fxe6 38. Nxe6+ Kc8 39. Nd4 axb4 40. axb4 Bf6 41.
Nc2 Kd8 42. Ke2 Ra2 43. Kd3 Rb2 44. Kd2 d6 45. Kd3 Kd7 46. f3 Be5 47. Kd2 g5 48.
Kd3 Ke6 49. Re1 Kf5 50. Re4 d5 51. Re2 Rb3+ 52. Kd2 Bf4+ 53. Ke1 Rb1+ 54. Kf2
Kf6 55. Re8 Kf7 56. Re1 Bg3+ 0-1

[Event "AUTO-ELITE-55"]
[Site "http://www.queenalice.com/game.php?id=129729"]
[Date "2006.11.15"]
[Round "2"]
[White "Mirok"]
[Black "bobbyfour"]
[Result "0-1"]
[WhiteElo "1864"]
[BlackElo "2129"]

1. d4 Nf6 2. c4 g6 3. Nc3 Bg7 4. e4 d6 5. Nf3 O-O 6. Be2 e5 7. Be3 Ng4 8. Bg5 f6
9. Bc1 Nc6 10. O-O f5 11. Bg5 Bf6 12. Bxf6 Nxf6 13. exf5 Bxf5 14. d5 Ne7 15. Qd2
Kg7 16. Nh4 Bd7 17. f4 e4 18. g4 Nxg4 19. Bxg4 Bxg4 20. Nxe4 Nf5 21. Nxf5+ Bxf5
22. Rae1 Kg8 23. Qc3 c6 0-1

[Event "AUTO-ELITE-55"]
[Site "http://www.queenalice.com/game.php?id=129730"]
[Date "2006.11.15"]
[Round "2"]
[White "bobbyfour"]
[Black "Mirok"]
[Result "1-0"]
[WhiteElo "2125"]
[BlackElo "1870"]

1. e4 e5 2. Nf3 Nc6 3. d4 exd4 4. Nxd4 Bc5 5. Be3 Qf6 6. c3 Nge7 7. Bc4 Ne5 8.
Be2 Qg6 9. O-O d6 10. f4 Qxe4 11. Bf2 Bxd4 12. cxd4 N5g6 13. Nc3 Qxf4 14. Nb5
O-O 15. Nxc7 Rb8 16. Nb5 Bd7 17. Nxa7 Qg5 18. a4 Nf5 19. Kh1 Ra8 20. d5 Ngh4 21.
Rg1 Qf4 22. Rf1 Ne3 23. Bxe3 Qe4 24. Rg1 Qxe3 25. Nb5 Nf5 26. Re1 1-0

[Event "AUTO-ELITE-55"]
[Site "http://www.queenalice.com/game.php?id=129731"]
[Date "2006.11.15"]
[Round "2"]
[White "fred57"]
[Black "bobbyfour"]
[Result "1-0"]
[WhiteElo "2201"]
[BlackElo "2135"]

1. c4 Nf6 2. Nc3 g6 3. e4 d6 4. d4 Bg7 5. Be2 O-O 6. Nf3 e5 7. Be3 Ng4 8. Bg5 f6
9. Bh4 Nc6 10. d5 Ne7 11. Nd2 Nh6 12. f3 c5 13. a3 Nf7 14. b4 Qc7 15. Bf2 b6 16.
O-O f5 17. Nb5 Qd7 18. Qc2 a6 19. Nc3 Rb8 20. Bd3 1-0

[Event "AUTO-ELITE-55"]
[Site "http://www.queenalice.com/game.php?id=129732"]
[Date "2006.11.15"]
[Round "2"]
[White "bobbyfour"]
[Black "fred57"]
[Result "0-1"]
[WhiteElo "2146"]
[BlackElo "2190"]

1. e4 c5 2. Nc3 Nc6 3. g3 g6 4. Bg2 Bg7 5. d3 d6 6. f4 e6 7. Nf3 Nge7 8. O-O O-O
9. Be3 b6 10. d4 Ba6 11. Re1 cxd4 12. Nxd4 Qd7 13. Nxc6 Nxc6 14. Qd2 Na5 15. Qf2
Nc4 16. Bd4 e5 17. Be3 Nxb2 18. f5 f6 19. Bc1 Na4 20. Nd5 Rac8 21. Qd2 Bb7 0-1

[Event "AUTO-MASTER-201"]
[Site "http://www.queenalice.com/game.php?id=138217"]
[Date "2006.12.7"]
[Round "2"]
[White "gillou91"]
[Black "bobbyfour"]
[Result "1-0"]
[WhiteElo "2063"]
[BlackElo "2126"]

1. d4 Nf6 2. c4 g6 3. Nc3 Bg7 4. e4 d6 5. Nf3 O-O 6. Be2 e5 7. Be3 c6 8. d5 Ng4
9. Bg5 f6 10. Bh4 Na6 11. Nd2 Nh6 12. f3 Nf7 13. Rb1 Qb6 14. Bf2 Qd8 15. b4 f5
16. O-O c5 17. a3 Nc7 18. bxc5 dxc5 19. Bxc5 Nd6 20. Nb5 Ncxb5 21. cxb5 b6 22.
Bb4 Rf7 23. Rc1 Bb7 24. Qb3 1-0

[Event "AUTO-MASTER-201"]
[Site "http://www.queenalice.com/game.php?id=138218"]
[Date "2006.12.7"]
[Round "2"]
[White "bobbyfour"]
[Black "gillou91"]
[Result "1-0"]
[WhiteElo "2126"]
[BlackElo "2066"]

1. e4 d5 2. exd5 Qxd5 3. Nc3 Qa5 4. d4 c6 5. Bd2 Nf6 6. Bd3 Bg4 7. f3 Bh5 8.
Nge2 e6 9. Nf4 Bg6 10. Ne4 Qd8 11. Qe2 Nbd7 12. Nxg6 hxg6 13. O-O-O Qc7 14. Ng5
Be7 15. Bxg6 fxg6 16. Nxe6 Qd6 17. Bf4 Qb4 18. Nc7+ Kf7 19. Qe6+ 1-0

[Event "AUTO-MASTER-201"]
[Site "http://www.queenalice.com/game.php?id=138219"]
[Date "2006.12.7"]
[Round "2"]
[White "JimMorrisson"]
[Black "bobbyfour"]
[Result "0-1"]
[WhiteElo "2054"]
[BlackElo "2136"]

1. e4 d6 2. d4 Nf6 3. Nc3 g6 4. Be3 c6 5. f3 b5 6. Qd2 h6 7. g4 Bg7 8. Nge2 e5
9. h4 exd4 10. Nxd4 b4 11. Nd1 a5 12. c3 d5 13. e5 Ng8 14. e6 fxe6 15. Bd3 Ne7
16. Qc2 O-O 17. Bxg6 e5 18. Bh7+ Kh8 19. Nf5 Bxf5 20. gxf5 d4 21. cxd4 exd4 22.
Bg5 d3 23. Qd2 Kxh7 24. Ne3 Qd6 25. Bxe7 Qxe7 26. O-O-O Rd8 27. Rdg1 a4 28. Rg2
a3 29. Rhg1 axb2+ 30. Kb1 Bc3 31. Nd5 Rxd5 32. f6 Bxf6 33. Rg6 Bg5 34. hxg5 Kxg6
35. gxh6+ Rg5 36. Qxd3+ Kxh6 37. Rd1 Qf6 38. f4 Qxf4 39. Rh1+ Rh5 40. Rf1 Ra3
41. Qe2 Qd6 42. Rd1 Qg6+ 43. Kxb2 Qf6+ 44. Kb1 b3 45. Qe3+ Rg5 0-1

[Event "AUTO-MASTER-201"]
[Site "http://www.queenalice.com/game.php?id=138220"]
[Date "2006.12.7"]
[Round "2"]
[White "bobbyfour"]
[Black "JimMorrisson"]
[Result "1-0"]
[WhiteElo "2126"]
[BlackElo "2068"]

1. e4 e6 2. d3 d5 3. Nd2 c5 4. Ngf3 Nc6 5. g3 Nf6 6. Bg2 Be7 7. O-O Qc7 8. Re1
b6 9. Nf1 Bb7 10. Bf4 Qd7 11. e5 Nh5 12. Bd2 f5 13. exf6 Nxf6 14. Bh3 Nd8 15.
Ng5 Qc6 16. Nxe6 d4 17. Nxg7+ Kf8 18. f3 Qxf3 19. Qxf3 Bxf3 20. Nf5 Nc6 21. Bg5
Bd8 22. Re6 Kf7 23. Rae1 Bd5 24. Rd6 Nb4 25. Rxd8 Raxd8 26. Re7+ Kg6 27. Rg7+
Kh5 28. g4+ Nxg4 29. N1g3# 1-0

[Event "O Canada"]
[Site "http://www.queenalice.com/game.php?id=170559"]
[Date "2007.2.18"]
[Round "1"]
[White "aknightout"]
[Black "bobbyfour"]
[Result "0-1"]
[WhiteElo "1949"]
[BlackElo "2112"]

1. Nf3 Nf6 2. c4 g6 3. b4 Bg7 4. Bb2 O-O 5. g3 c6 6. Nc3 d5 7. cxd5 cxd5 8. d4
Nc6 9. a3 a6 10. Bg2 Bf5 11. Ne5 Rc8 12. Qb3 Nxd4 13. Qd1 Nc2+ 0-1

[Event "QA-ANNIV-02"]
[Site "http://www.queenalice.com/game.php?id=183842"]
[Date "2007.3.17"]
[Round "6"]
[White "gilcesar"]
[Black "bobbyfour"]
[Result "0-1"]
[WhiteElo "1790"]
[BlackElo "2124"]

1. e4 d6 2. d4 Nf6 3. Nc3 g6 4. Be3 c6 5. Qd2 b5 6. f3 Nbd7 7. g4 Nb6 8. O-O-O
b4 9. Nb1 a5 10. a3 e6 11. axb4 axb4 12. Qxb4 d5 13. Qc3 dxe4 14. Qxc6+ Bd7 15.
Qc3 Nfd5 16. Qe1 Nxe3 17. Qxe3 Nd5 18. Qxe4 Bh6+ 19. Rd2 Ra1 20. c3 Qb6 21. Qd3
O-O 22. h4 Rc8 23. g5 Nxc3 24. bxc3 Rxc3+ 25. Kd1 Rxb1+ 26. Qxb1 Qxb1+ 27. Ke2
Bb5+ 28. Kf2 Qxf1+ 29. Kg3 Bf8 30. Kf4 Bd6+ 31. Kg4 f5+ 32. gxf6 Qb1 33. Kh3
Bf1+ 34. Rg2 Qf5# 0-1

[Event "QA-ANNIV-02"]
[Site "http://www.queenalice.com/game.php?id=210965"]
[Date "2007.5.14"]
[Round "7"]
[White "bobbyfour"]
[Black "robelix"]
[Result "1-0"]
[WhiteElo "2130"]
[BlackElo "2099"]

1. e4 e6 2. d3 d5 3. Nd2 c5 4. Ngf3 Nc6 5. g3 Bd6 6. Bg2 Nge7 7. O-O O-O 8. Nh4
f5 9. f4 b5 10. exf5 exf5 11. Ndf3 Qc7 12. Re1 a5 13. c3 Rb8 14. d4 b4 15. Be3
bxc3 16. dxc5 cxb2 17. Rb1 Bxc5 18. Bxc5 Re8 19. Ng5 Bd7 20. Qh5 1-0

[Event "O Canada"]
[Site "http://www.queenalice.com/game.php?id=215216"]
[Date "2007.5.23"]
[Round "2"]
[White "bobbyfour"]
[Black "Mikalus"]
[Result "1-0"]
[WhiteElo "2141"]
[BlackElo "1655"]

1. e4 c5 2. Nc3 Nc6 3. g3 e5 4. Bg2 Nf6 5. d3 Nd4 6. f4 exf4 7. Bxf4 d6 8. Nf3
Bg4 9. O-O Be7 10. Qd2 O-O 11. Rae1 Nh5 12. Be3 Qd7 13. Nxd4 cxd4 14. Bxd4 Bh3
15. Bxh3 Qxh3 16. Nd5 Bd8 17. Rf5 h6 18. Ref1 Bg5 19. Rxg5 hxg5 20. Qxg5 f6 21.
Qg6 Rf7 22. Rf5 1-0

[Event "QA-ANNIV-02"]
[Site "http://www.queenalice.com/game.php?id=241944"]
[Date "2007.7.18"]
[Round "8"]
[White "gbsalvio"]
[Black "bobbyfour"]
[Result "1-0"]
[WhiteElo "2432"]
[BlackElo "2142"]

1. Nc3 c5 2. Nf3 Nc6 3. d4 cxd4 4. Nxd4 Nf6 5. Bg5 e6 6. Qd2 d5 7. e4 dxe4 8.
O-O-O Be7 9. Bb5 Bd7 10. Bxc6 Bxc6 11. Nxc6 bxc6 12. Bxf6 Bxf6 13. Nxe4 Qxd2+
14. Rxd2 Be5 15. g3 Ke7 16. Rhd1 Rhd8 17. Rxd8 Rxd8 18. Rxd8 Kxd8 19. f4 Bc7 20.
Ng5 Ke7 21. Nf3 a5 22. Kd2 h6 23. Kd3 Kd6 24. Kc4 f6 25. c3 Bb6 26. b4 a4 27.
Kd3 g5 28. fxg5 fxg5 29. Nd2 Bg1 30. h3 Kd7 31. Nc4 Bf2 32. g4 c5 33. b5 Kc7 34.
Nb2 Kb6 35. Kc4 a3 36. Na4+ Ka5 37. Nxc5 e5 38. Nb7+ Kb6 39. Nd6 Bg3 40. Kd5 Bh2
41. c4 1-0

[Event "O Canada"]
[Site "http://www.queenalice.com/game.php?id=261848"]
[Date "2007.8.26"]
[Round "3"]
[White "gomery"]
[Black "bobbyfour"]
[Result "0-1"]
[WhiteElo "1628"]
[BlackElo "2139"]

1. e4 d6 2. d4 Nf6 3. Nc3 g6 4. Nf3 Bg7 5. Bc4 Nc6 6. O-O Bg4 7. Be3 O-O 8. Qe2
e5 9. d5 Nd4 10. Bxd4 exd4 11. Nb5 Re8 12. Bd3 Nxd5 13. h3 Bh5 14. g4 Nf4 0-1

[Event "QA-ANNIV-02"]
[Site "http://www.queenalice.com/game.php?id=271746"]
[Date "2007.9.14"]
[Round "9"]
[White "bobbyfour"]
[Black "tonyalme"]
[Result "1/2-1/2"]
[WhiteElo "2140"]
[BlackElo "2319"]

1. e4 e5 2. Nf3 Nf6 3. d4 exd4 4. e5 Ne4 5. Qxd4 f5 6. exf6 Nxf6 7. Bg5 Qe7+ 8.
Kd1 Qd6 9. Qxd6 Bxd6 10. Bc4 Bc5 11. Re1+ Kf8 12. Re2 c6 13. Bd3 d5 14. h3 h6
15. Be3 Bxe3 16. Rxe3 g5 17. Nbd2 Nbd7 18. Nb3 c5 19. Bb5 Rh7 20. Bd3 Re7 21.
Rxe7 Kxe7 22. Nbd2 Nb6 23. a4 a5 24. Ke2 Nh5 25. Kf1 Nf4 26. Re1+ Kf6 27. Bb5
Bf5 28. Nb3 Be4 29. Re3 Ne6 30. Ne1 h5 31. f3 Bg6 32. c3 c4 33. Nd4 Nc5 34. Re2
h4 35. g4 hxg3 36. Kg2 Ncxa4 37. Re6+ Kf7 38. Kxg3 Rg8 39. Ng2 Kf8 40. Rd6 Ke7
41. Re6+ Kf8 42. Rd6 Ke7 43. Re6+ Kf8 1/2-1/2

[Event "Match Canada - Drac"]
[Site "http://www.queenalice.com/game.php?id=295082"]
[Date "2007.10.29"]
[Round "-"]
[White "Pinone"]
[Black "bobbyfour"]
[Result "0-1"]
[WhiteElo "2328"]
[BlackElo "2159"]

1. d4 Nf6 2. Bg5 Ne4 3. Bf4 c5 4. f3 Qa5+ 5. c3 Nf6 6. Nd2 cxd4 7. Nb3 Qd8 8.
cxd4 d5 9. e3 e6 10. Rc1 Nc6 11. Bd3 Nh5 12. Ne2 Nxf4 13. Nxf4 Bd6 14. O-O a6
15. Ne2 O-O 16. e4 Qb6 17. Kh1 g6 18. a3 a5 19. e5 Be7 20. Qc2 Bd7 21. Nc5 Rfd8
22. f4 Be8 23. f5 exf5 24. Bxf5 Bxc5 25. dxc5 Qc7 26. e6 gxf5 27. Qxf5 f6 28.
Qxf6 Qe7 29. Qf3 Bg6 30. Nf4 Be4 31. Qg3+ Kh8 32. Qc3+ d4 33. Qc4 Bf5 34. Rce1
d3 35. Nh5 Rd4 36. Qc3 Qg5 37. e7 Qxh5 38. g4 Bxg4 39. Rf8+ Kg7 40. Rxa8 d2 0-1

[Event "Match Canada"]
[Site "http://www.queenalice.com/game.php?id=295604"]
[Date "2007.10.30"]
[Round "-"]
[White "bobbyfour"]
[Black "Pinone"]
[Result "1-0"]
[WhiteElo "2176"]
[BlackElo "2311"]

1. e4 e6 2. d3 d5 3. Nd2 c5 4. Ngf3 Nc6 5. g3 Bd6 6. Bg2 Nge7 7. O-O O-O 8. Re1
b5 9. h4 Bb7 10. Nf1 Qb6 11. e5 Bc7 12. h5 Rfc8 13. h6 Ng6 14. N1h2 Ncxe5 15.
Nxe5 Bxe5 16. Ng4 Bf6 17. a4 b4 18. Nxf6+ gxf6 19. a5 Qd6 20. c3 e5 21. cxb4
cxb4 22. Bd2 Rab8 23. Qb3 d4 24. Bxb7 Rxb7 25. Rac1 Rcb8 26. Qd1 Rb5 27. Qf3
Rxa5 28. Rc6 Qf8 29. Qxf6 Rab5 30. Rec1 Re8 31. R1c4 Rbb8 32. Ra6 Rb7 33. b3 Rd7
34. Rxb4 Rc8 35. Rc4 Re8 36. Rac6 Rb7 37. Rc7 Re6 38. Qxe6 Rxc7 39. Qf6 1-0